000 01090nam a2200289Ia 4500
003 OSt
005 20221005110744.0
006 a|||||r|||| 00| 0
007 ta
008 221004b |||||||| |||| 00| 0 hin d
020 _a9788126727841 (hbk)
_cINR 350.00
024 _a43088
037 _bBR/7268, 16/02/2019, Rajkamal Prakashan Pvt. Ltd.
_cTextual
040 _aCRL
_cCRL
_bhin
041 _2hin
_ahin
082 _aO152,3N363x, Q8
100 _aदूधनाथ सिंह, ले.
245 0 _aजलमुर्ग़ियों का शिकार
246 _aJalamurग़iyoan kā shikāra
250 _aसंस्करण 2
260 _aनई दिल्ली
_bराजकमल प्रकाशन भारत
_c2018
300 _a127पृ0
_ccm.
650 _a हिन्दी साहित्य
650 _aहिन्दी कहानी
942 _hO152,3N363x, Q8
_cTEXL
_2cc
999 _c1019780
_d1019780